Ancestry Of Australia According To Australian Bureau of Statistics - Statistics

General Stats
  • This quiz has been taken 198 times
  • The average score is 24 of 39
Answer Stats
Population Ancestry % Correct
6.4 M English
97%
500,000-999,999Th Chinese
96%
1.9 M Irish
95%
500,000-999,999Th Indian
91%
500,000-999,999Th German
89%
500,000-999,999Th Italian
88%
50,000-149,999Th Japanese
87%
50,000-149,999Th Russian
86%
500,000-999,999Th French
85%
500,000-999,999Th Scottish
84%
500,000-999,999Th Spanish
83%
500,000-999,999Th Greek
79%
500,000-999,999Th Vietnamese
79%
50,000-149,999Th American
78%
500,000-999,999Th Dutch
78%
500,000-999,999Th Polish
78%
50,000-149,999Th Indonesian
76%
6.7 M Australian
75%
50,000-149,999Th Korean
74%
500,000-999,999Th Welsh
72%
50,000-149,999Th Turkish
62%
500,000-999,999Th Filipino
56%
500,000-999,999Th Croatian
52%
50,000-149,999Th South African
52%
500,000-999,999Th Serbian
51%
50,000-149,999Th Danish
50%
500,000-999,999Th New Zealander
49%
50,000-149,999Th Ukrainian
49%
50,000-149,999Th Austrian
43%
50,000-149,999Th Hungarian
43%
50,000-149,999Th Egyptian
42%
500,000-999,999Th Lebanese
37%
50,000-149,999Th Samoan
28%
500,000-999,999Th Macedonian
23%
50,000-149,999Th Jewish
21%
50,000-149,999Th Portugese
17%
500,000-999,999Th Maltese
13%
50,000-149,999Th Sinhalese
4%
500,000-999,999Th Australian Aboriginal
3%
No matching quizzes found
Score Distribution
Percent of People with Each Score
Percentile by Number Answered
Your Score History
You have not taken this quiz